Normal view MARC view

Entry Personal Name

Number of records used in: 3

001 - CONTROL NUMBER

  • control field: 1283

003 - CONTROL NUMBER IDENTIFIER

  • control field: DLC

005 - DATE AND TIME OF LATEST TRANSACTION

  • control field: 20200118110841.0

008 - FIXED-LENGTH DATA ELEMENTS

  • fixed length control field: 890810n| azannaab |n aaa

010 ## - LIBRARY OF CONGRESS CONTROL NUMBER

  • LC control number: n 89644910

040 ## - CATALOGING SOURCE

  • Original cataloging agency: DLC
  • Transcribing agency: DLC
  • Description conventions: rda
  • Modifying agency: DLC

046 ## - SPECIAL CODED DATES

  • Birth date: 1956

100 1# - HEADING--PERSONAL NAME

  • Personal name: Keller, Kevin Lane,
  • Dates associated with a name: 1956-

670 ## - SOURCE DATA FOUND

  • Source citation: nuc89-75585: His Memory in advertising, 1986
  • Information found: (hdg. on NcD rept.: Keller, Kevin Lane, 1956- ; usage: Kevin Lane Keller)

670 ## - SOURCE DATA FOUND

  • Source citation: Strategic brand management, 1998:
  • Information found: CIP t.p. (Kevin Lane Keller; Univ. of N.C. at Chapel Hill)

Powered by Koha